La buena fe contractual.

Gespeichert in:
Bibliographische Detailangaben
1. Verfasser: Boetsch Gillet, Cristián (autor)
Format: Buch
Sprache:Spanisch
Veröffentlicht: Santiago, Chile: Ediciones Universidad Católica de Chile, 2015.
Schlagworte:
Tags: Tag hinzufügen
Keine Tags, Fügen Sie den ersten Tag hinzu!

MARC

LEADER 00000cam a2200000 a 4500
001 UCD3568
003 CL-VaPUC
005 20220822114409.0
008 160609e20151200cl |||||||||||||||||spa|d
999 |c 364604  |d 364602 
020 |a 978-956-14-1726-7 
040 |c Pontificia Universidad Católica de Valparaíso 
082 0 4 |a 342.06 BOE 2015  |2 21 
100 0 |a Boetsch Gillet, Cristián  |9 587083  |e autor 
245 1 3 |a La buena fe contractual. 
260 0 3 |a Santiago, Chile:  |b Ediciones Universidad Católica de Chile,  |c 2015. 
300 |a XIV, 188 páginas. 
500 |a c.2 Donación Familia Prof. Alejandro Guzmán Brito.  
583 |a last modification  |c 20160609 22:21:00  |k Rodrigo Vera 
650 0 |a Buena fe   |2 CL-VaPUC  |9 383961  |x Derecho 
650 0 |a Derecho comercial   |9 256340 
650 0 |a Contratos  |9 255153 
942 |c BK  |2 ddc  |n 0 
945 |d 20160609 22:21:00  |a arojas 
952 |0 0  |1 0  |2 ddc  |3 erb  |4 0  |6 342_060000000000000_BOE_2015  |7 0  |8 A  |9 478150  |a BIBDER  |b BIBDER  |i 5291755  |l 14  |m 10  |o 342.06 BOE 2015  |p 5291755  |r 2025-01-21  |s 2025-01-21  |t 1  |w 2019-11-24  |y BK  |z Catalogado en:20160609  |k DER 
952 |0 0  |1 0  |2 ddc  |4 0  |6 342_060000000000000_BOE_2015  |7 1  |8 C_AGB  |9 580880  |a BIBDER  |b BIBDER  |d 2022-01-27  |e Donación   |i 5642248  |o 342.06 BOE 2015  |p 5642248  |r 2023-01-25  |t 2  |w 2022-01-27  |y BK_US  |k AGB